00231nam a2200085Ia 4500008004100000041000800041100001800049245003100067260004700098241105s9999 xx 000 0 und d aeng aKaslay Poorva aSound In Urban Environment bBNCA M Arch Environment Architecturec2022